00357nam a2200145Ia 4500008004100000041000800041082001400049100003600063245005000099250000800149260001800157300000800175542001500183650001300198220531s9999 xx 000 0 und d aeng bWAK / KAP aWakale, L. P. / Kapadnis, B. V. aIncome Tax : Practice And Procedure 2006-2007 a4th bGayatric2005 a218 d13-08-2005 aTaxation